Mergers & Acquisitions in the European Union. Acquisition Activity & Economic Performance
Vzťah medzi mierou akvizičnej aktivity a vonkajšími podmienkami, v ktorých k transakciám a post-transakčnému vývoju prichádza. Závislosť medzi akvizičnou aktivitou a výkonnosťou ekonomiky a súčasne závislosťou medzi akvizičnou aktivitou a daňovou kvótou krajiny.
Saved in:
| Main Author: | |
|---|---|
| Format: | Book Chapter |
| Language: | English |
| Subjects: | |
| Tags: |
No Tags, Be the first to tag this record!
|
MARC
| LEADER | 00000naa a2200000 4500 | ||
|---|---|---|---|
| 001 | 0241359 | ||
| 005 | 20220715113246.4 | ||
| 041 | 0 | |a eng | |
| 044 | |a CZ | ||
| 245 | 1 | 0 | |a Mergers & Acquisitions in the European Union. Acquisition Activity & Economic Performance |c Iveta Mackenzie |
| 520 | |a Vzťah medzi mierou akvizičnej aktivity a vonkajšími podmienkami, v ktorých k transakciám a post-transakčnému vývoju prichádza. Závislosť medzi akvizičnou aktivitou a výkonnosťou ekonomiky a súčasne závislosťou medzi akvizičnou aktivitou a daňovou kvótou krajiny. | ||
| 610 | 2 | 0 | |a akvizícia |
| 610 | 2 | 0 | |a výkonnosť ekonomiky |
| 610 | 2 | 0 | |a kvóty |
| 610 | 2 | 0 | |a dane |
| 610 | 2 | 0 | |a fúzie |
| 610 | 2 | 0 | |a Európska únia |
| 100 | 1 | |a Mackenzie, Iveta | |